000 00970nam a2200205Ia 4500
001 1258
003 GE_BSU
008 181216s||||||||xx |||||||||||||| ||und||
040 _cGE_BSU
080 _a636
245 _aმეცხოველეობის მექანიზაცია ნაკელის აღების, გატანის, დამუშავებისა და შენახვის მექანიზაცია.
245 _bმეთოდური მითითებები სასოფლო სამეურნეო უმაღლესი სასწავლებლის სტუდენტებისათვის.
260 _aთბილისი.
260 _bსასოფლო სამეურნეო ინსტიტუტი.
260 _c1989.
300 _a62 გვ. 19 სმ.
541 _h2 ლ.
653 _aმეცხოველეობა.
942 _cBK
999 _c35404
_d35404